000 01873nam a22003737a 4500
003 OSt
005 20230413133602.0
008 221006b |||||||| |||| 00| 0 eng d
040 _cBiblioteca Lado V
082 _a700
_bK41a
100 _9798
_aAcosta de Arriba, Rafael
_eeditor
_edirector
245 _aArte Cubano/
_bRevista de Artes Visuales/
260 _bConsejo Nacional de las Artes Plasticas
_c2001
_aCuba
300 _c22x32cm
_a98p.
366 _espa
490 _v2001
_a2
_x1024 8439
505 _tAlli
_aEl espacio en el arte cubano contemporaneo
505 _tRuta Critica
_aEl tiempo restaurado Lo que quieren es que las miren No hay que llorar: Que la historia es un carnaval La ciudad de las damas o el paradiso de la resistencia Jugando con Fuego Sutiles visitas a los arcanos Pa'ir tirando Lo provisional en la obra del Gabinete Ordo Amoris
505 _tTranfiguraciones elastricas: transito y disidencia en el arte publico contemporaneo
505 _tPensando Alto A cargo de Magaly Espinosa
_aEl artista suficientemente bueno: mas allá del artista de vanguardia
505 _tOtros Espacios...
_aCuba: TatuArte la memoria Mas cerca un del otro: arte y comunicación en America Latina
505 _tHistorieta
505 _tSummary
650 _2Tesauro de Arte & Arquitectura
_aARTE
_9703
650 _2Tesauro de Arte & Arquitectura
_aEXPOSICIONES
650 _2Tesauro de Arte & Arquitectura
_aBIENAL
650 _2Tesauro de Arte & Arquitectura
_aAPRECIACION
650 _2Tesauro de Arte & Arquitectura
_aTEORIA
650 _2Tesauro de Arte & Arquitectura
_aCRITICA
650 _2Tesauro de Arte & Arquitectura
_aFOTOGRAFIA
_9702
650 _2Tesauro de Arte & Arquitectura
_aLITERATURA
650 _2Tesauro de Arte & Arquitectura
_aCUBANO
942 _2ddc
_c1
_h701.18
_iA185a
_n0
999 _c3367
_d3367